[Event "SG Niederkassel. 1 - SK KS Iserlohn 1"]
[Site "NRW-Klasse, Gruppe 2 2012/201"]
[Date "2012.09.16"]
[Round "1.6"]
[White "Bussard, Christian"]
[Black "Kramps, Rene"]
[Result "1/2-1/2"]
[WhiteElo "2119"]
[BlackElo "2010"]
[PlyCount "71"]
[EventDate "2012.??.??"]
[WhiteTeam "SG Niederkassel. 1"]
[BlackTeam "SK KS Iserlohn 1"]

1. d4 c5 2. Nf3 Nf6 3. Nc3 cxd4 4. Nxd4 Nc6 5. e4 g6 6. Be2 Bg7 7. Be3 O-O 8.
O-O d5 9. exd5 Nb4 10. Qd2 Nbxd5 11. Nxd5 Nxd5 12. Bh6 e5 13. Bxg7 Kxg7 14.
Rad1 Nf4 15. Nf3 Qxd2 16. Rxd2 Bg4 17. h3 Nxe2+ 18. Rxe2 Bxf3 19. gxf3 Rac8 20.
Rd1 f6 21. Rd7+ Rf7 22. Red2 Rc7 23. Rxf7+ Kxf7 24. Kf1 Ke7 25. c3 g5 26. Rd5
a6 27. Rd2 Rd7 28. Ke2 Rxd2+ 29. Kxd2 h5 30. c4 h4 31. b4 f5 32. Ke3 Kd6 33. a3
Kc6 34. Ke2 Kd6 35. Ke3 Ke6 36. Ke2 1/2-1/2

[Event "SG Niederkassel. 1 - SK KS Iserlohn 1"]
[Site "NRW-Klasse, Gruppe 2 2012/201"]
[Date "2012.09.16"]
[Round "1.7"]
[White "Schwanbeck, Christoph"]
[Black "Guelsen, Taylan"]
[Result "1-0"]
[WhiteElo "1981"]
[BlackElo "1975"]
[PlyCount "101"]
[EventDate "2012.??.??"]
[WhiteTeam "SK KS Iserlohn 1"]
[BlackTeam "SG Niederkassel. 1"]

1. Nf3 d5 2. d4 e6 3. Bf4 c5 4. e3 Nc6 5. c3 Nf6 6. Nbd2 cxd4 7. exd4 Bd6 8.
Ne5 Bxe5 9. dxe5 Nd7 10. Qg4 Ncxe5 11. Qxg7 Ng6 12. Bd3 Qf6 13. Qxf6 Nxf6 14.
Bg5 Nd7 15. O-O-O f6 16. Bh6 Kf7 17. g4 Nde5 18. Be2 Bd7 19. f4 Nc6 20. Ne4 Ke7
21. Nc5 Rhc8 22. h4 d4 23. Nxd7 Kxd7 24. Bb5 e5 25. fxe5 fxe5 26. Kb1 Kd6 27.
h5 Nge7 28. Rhf1 Kc5 29. Bd3 Nd5 30. cxd4+ Nxd4 31. Rf7 Rc7 32. Rc1+ Kb6 33.
Rcxc7 Nxc7 34. Bxh7 Rd8 35. Be3 Nd5 36. Bf2 Nf4 37. Be4 Nfe6 38. Rf6 Kc7 39.
Be3 Nc5 40. Rf7+ Kd6 41. Bg6 Rc8 42. h6 Nce6 43. h7 Nc6 44. Rxb7 Ne7 45. Be4
Rh8 46. g5 Nf8 47. Bd2 Nfg6 48. Rxa7 Rxh7 49. Bxg6 Rh1+ 50. Kc2 Nc6 51. Ra6 1-0

[Event "SG Niederkassel. 1 - SK KS Iserlohn 1"]
[Site "NRW-Klasse, Gruppe 2 2012/201"]
[Date "2012.09.16"]
[Round "1.8"]
[White "Kneutgen, Alexander"]
[Black "Glatzel, Jonas"]
[Result "1/2-1/2"]
[WhiteElo "2011"]
[BlackElo "1965"]
[PlyCount "34"]
[EventDate "2012.??.??"]
[WhiteTeam "SG Niederkassel. 1"]
[BlackTeam "SK KS Iserlohn 1"]

1. e4 c5 2. Nc3 Nc6 3. g3 g6 4. Bg2 Bg7 5. d3 e6 6. Be3 d6 7. f4 Nge7 8. Nf3
O-O 9. O-O b6 10. d4 Ba6 11. Re1 Na5 12. b3 Rc8 13. Ne2 d5 14. e5 Qc7 15. g4 f5
16. g5 Kf7 17. Ng3 Rfd8 1/2-1/2

[Event "Herforder SV KS 1 - Gütersloher SV 1"]
[Site "NRW-Klasse, Gruppe 2 2012/201"]
[Date "2012.09.16"]
[Round "1.2"]
[White "Peist, Juergen"]
[Black "Scharnowski, Tobias"]
[Result "1-0"]
[WhiteElo "2201"]
[BlackElo "2011"]
[PlyCount "119"]
[EventDate "2012.??.??"]
[WhiteTeam "Herforder SV KS 1"]
[BlackTeam "Gütersloher SV 1"]

1. Nf3 c5 2. c4 Nc6 3. e3 Nf6 4. d4 cxd4 5. exd4 d5 6. cxd5 Nxd5 7. Nc3 e6 8.
Bd3 Be7 9. O-O O-O 10. Re1 b6 11. Nxd5 exd5 12. Bxh7+ Kxh7 13. Qc2+ Kg8 14.
Qxc6 Bf5 15. Bf4 Re8 16. Rac1 Be4 17. Bc7 Qc8 18. Ne5 Bb4 19. Red1 f6 20. f3
fxe5 21. fxe4 exd4 22. Qxd5+ Qe6 23. a3 Qxd5 24. exd5 Be7 25. d6 Bg5 26. Rc2
Re5 27. d7 Rd5 28. Bf4 Bxf4 29. Rc8+ Kh7 30. Rxa8 Rxd7 31. Rd3 Bc1 32. b4 Rf7
33. h4 Rf4 34. g3 Rf7 35. Kg2 Be3 36. Kh3 Kg6 37. Re8 Rc7 38. Kg4 Kf7 39. Re5
Kf6 40. Re8 Kf7 41. Re4 Kg6 42. h5+ Kh7 43. Kf5 Kh6 44. g4 Rf7+ 45. Ke6 Rf6+
46. Kd5 Kg5 47. Re7 Kxg4 48. Rxg7+ Kf3 49. Re7 Rf8 50. Kc4 Rh8 51. Rxa7 Rxh5
52. a4 Rh8 53. Rd7 Rh2 54. R3xd4 Bxd4 55. Rxd4 Rh6 56. Kb5 Ke3 57. Rd8 Ke4 58.
Rb8 Kd5 59. Rxb6 Rh1 60. a5 1-0

[Event "Herforder SV KS 1 - Gütersloher SV 1"]
[Site "NRW-Klasse, Gruppe 2 2012/201"]
[Date "2012.09.16"]
[Round "1.3"]
[White "Plaßmann, Dominik"]
[Black "Wolf, Andre"]
[Result "1-0"]
[WhiteElo "2063"]
[BlackElo "2123"]
[PlyCount "81"]
[EventDate "2012.??.??"]
[WhiteTeam "Gütersloher SV 1"]
[BlackTeam "Herforder SV KS 1"]

1. e4 e6 2. b3 d5 3. Bb2 dxe4 4. Nc3 Nf6 5. Qe2 Be7 6. g4 O-O 7. g5 Nd5 8. h4
a5 9. Bg2 Nf4 10. Qxe4 Nxg2+ 11. Qxg2 Nc6 12. Nf3 Nb4 13. O-O-O a4 14. h5 axb3
15. axb3 Nd5 16. g6 Ba3 17. gxh7+ Kh8 18. Nxd5 Bxb2+ 19. Kxb2 exd5 20. Rdg1
Qf6+ 21. d4 Bf5 22. Ne5 c5 23. Rh4 cxd4 24. Rf4 Rfc8 25. Rxf5 Rxc2+ 26. Kxc2
Qxf5+ 27. Nd3 Ra2+ 28. Kb1 Qxd3+ 29. Kxa2 Qc2+ 30. Ka1 Qc3+ 31. Ka2 Qc2+ 32.
Ka1 Qc3+ 33. Kb1 Qxb3+ 34. Kc1 Qc3+ 35. Kd1 d3 36. f3 d2 37. Ke2 b5 38. Rd1 d4
39. Rxd2 Qe3+ 40. Kf1 b4 41. Qe2 1-0

[Event "Herforder SV KS 1 - Gütersloher SV 1"]
[Site "NRW-Klasse, Gruppe 2 2012/201"]
[Date "2012.09.16"]
[Round "1.4"]
[White "Loemker, Michael"]
[Black "Hanhoerster, Stephan"]
[Result "1/2-1/2"]
[WhiteElo "2071"]
[BlackElo "2104"]
[PlyCount "68"]
[EventDate "2012.??.??"]
[WhiteTeam "Herforder SV KS 1"]
[BlackTeam "Gütersloher SV 1"]

1. Nf3 d5 2. d4 Nf6 3. e3 a6 4. a4 Bg4 5. Be2 e6 6. O-O Nc6 7. Nbd2 Bd6 8. h3
Bf5 9. Nh4 Bg6 10. Nxg6 hxg6 11. f4 Nh5 12. c4 Ng3 13. Rf3 Nxe2+ 14. Qxe2 Bb4
15. b3 Qf6 16. Bb2 O-O-O 17. Rc1 Kb8 18. Nf1 Na5 19. cxd5 exd5 20. Qc2 Nc6 21.
Bc3 Bxc3 22. Qxc3 Qe7 23. Rf2 Nb4 24. Rd2 Rhe8 25. Kh2 Qd6 26. Qc5 Qxc5 27.
Rxc5 Rd6 28. Kg3 Ree6 29. Rd1 Rc6 30. Rdc1 Rxc5 31. Rxc5 b6 32. Rc3 Kb7 33. Kf3
Na2 34. Rc2 Nb4 1/2-1/2

[Event "Herforder SV KS 1 - Gütersloher SV 1"]
[Site "NRW-Klasse, Gruppe 2 2012/201"]
[Date "2012.09.16"]
[Round "1.5"]
[White "Grochtmann, Stephan"]
[Black "Quelle, Helmut"]
[Result "1-0"]
[WhiteElo "2030"]
[BlackElo "2106"]
[PlyCount "49"]
[EventDate "2012.??.??"]
[WhiteTeam "Gütersloher SV 1"]
[BlackTeam "Herforder SV KS 1"]

1. e4 e6 2. d4 d5 3. Nc3 Bb4 4. a3 Bxc3+ 5. bxc3 dxe4 6. f3 b6 7. Nh3 Bb7 8.
Bb5+ c6 9. Bc4 Qh4+ 10. Nf2 exf3 11. Qxf3 Nd7 12. O-O Qe7 13. Ne4 Ngf6 14. Bg5
h6 15. Bh4 g5 16. Nxf6+ Nxf6 17. Bg3 Nd5 18. Be5 Rh7 19. Bxd5 exd5 20. Qf5 f6
21. Rae1 Qf7 22. Bxf6+ Kf8 23. Re7 Re8 24. Rxf7+ Rxf7 25. Bg7+ 1-0

[Event "Herforder SV KS 1 - Gütersloher SV 1"]
[Site "NRW-Klasse, Gruppe 2 2012/201"]
[Date "2012.09.16"]
[Round "1.6"]
[White "Hanisch, Bernd"]
[Black "Krueger, Tim"]
[Result "1/2-1/2"]
[WhiteElo "2001"]
[BlackElo "2046"]
[PlyCount "43"]
[EventDate "2012.??.??"]
[WhiteTeam "Herforder SV KS 1"]
[BlackTeam "Gütersloher SV 1"]

1. c4 b6 2. d4 Bb7 3. Nf3 e6 4. a3 Nf6 5. g3 Be7 6. Bg2 O-O 7. O-O d5 8. cxd5
exd5 9. Nc3 Nbd7 10. Bf4 Ne4 11. Rc1 Nxc3 12. Rxc3 c5 13. Qc2 Nf6 14. Ne5 Bd6
15. Rd1 Qe7 16. Nd3 cxd4 17. Bxd6 Qxd6 18. Rc7 Rfc8 19. Rc1 Rxc7 20. Qxc7 Qxc7
21. Rxc7 Ba6 22. Bf3 1/2-1/2

[Event "Herforder SV KS 1 - Gütersloher SV 1"]
[Site "NRW-Klasse, Gruppe 2 2012/201"]
[Date "2012.09.16"]
[Round "1.7"]
[White "Minosjan, Artur"]
[Black "Heuermann, Heinz-Burkhard"]
[Result "0-1"]
[WhiteElo "1977"]
[BlackElo "1948"]
[Annotator "Doe,John"]
[PlyCount "110"]
[EventDate "2012.??.??"]
[WhiteTeam "Gütersloher SV 1"]
[BlackTeam "Herforder SV KS 1"]

1. e4 c5 2. Nf3 e6 3. d4 cxd4 4. Nxd4 Nf6 5. Bd3 d6 6. Nc3 a6 7. O-O Be7 8. Kh1
O-O 9. f4 Qc7 10. Qe2 Nfd7 11. Qg4 Bf6 12. Nf3 Nc6 13. Be3 b5 14. Rae1 b4 15.
Nd1 Bb7 16. Qh3 g6 17. Nf2 Bg7 18. e5 Nd8 19. Bd4 Bxf3 20. Qxf3 Nc6 21. Qe3
Nxd4 22. Qxd4 dxe5 23. Qxb4 $11 exf4 24. Ne4 Rfb8 25. Qe7 Bxb2 26. Ng5 Rf8 27.
Rxe6 Qd8 28. Qxd8 Rfxd8 29. Rxa6 Rxa6 30. Bxa6 Ne5 31. Rxf4 Bc1 32. Nxf7 Rd1+
33. Rf1 Rxf1+ 34. Bxf1 Kxf7 35. g3 Ke6 36. a4 Bd2 37. Kg2 Kd5 38. Bb5 Kd4 39.
c4 Nxc4 40. Bxc4 Kxc4 41. Kf3 Kd4 42. Ke2 Ba5 43. Kf3 Ke5 44. Kg4 Bd8 45. Kf3
Kf5 46. Kf2 Ke4 47. Kg2 h5 48. Kf2 Ba5 49. Kg2 Ke3 50. h4 Bc7 51. a5 Ke4 52. a6
Bb6 53. Kh1 Kf3 54. Kh2 Ba7 55. Kh1 Bf2 0-1

[Event "Herforder SV KS 1 - Gütersloher SV 1"]
[Site "NRW-Klasse, Gruppe 2 2012/201"]
[Date "2012.09.16"]
[Round "1.8"]
[White "Kleinert, Juergen"]
[Black "Kretschmann, Michael"]
[Result "1/2-1/2"]
[WhiteElo "1913"]
[BlackElo "2071"]
[PlyCount "82"]
[EventDate "2012.??.??"]
[WhiteTeam "Herforder SV KS 1"]
[BlackTeam "Gütersloher SV 1"]

1. e4 d6 2. d4 g6 3. Nc3 Bg7 4. Be2 Nf6 5. Be3 c6 6. Nf3 b5 7. a3 O-O 8. h3 a6
9. Qd2 Qc7 10. g4 c5 11. g5 b4 12. axb4 cxb4 13. Nb5 axb5 14. Rxa8 Nxe4 15. Qd3
Qb7 16. Rxb8 Qxb8 17. Qxe4 Bb7 18. Qd3 e5 19. Qd1 exd4 20. Bxd4 Bxd4 21. Qxd4
Re8 22. Kf1 Qa8 23. Qd3 Be4 24. Qd1 Rc8 25. Kg2 Rc5 26. h4 Qc8 27. Rh3 Rxc2 28.
Bd3 Rc1 29. Qe2 Qg4+ 30. Rg3 Qxh4 31. Rh3 Qg4+ 32. Rg3 Qh4 33. Rh3 Qxg5+ 34.
Rg3 Qh5 35. Rh3 Qg4+ 36. Rg3 Qh4 37. Rh3 Qg5+ 38. Rg3 Qh5 39. Rh3 Qg4+ 40. Rg3
Qh4 41. Rh3 Qg4+ 1/2-1/2

[Event "SG Niederkassel. 1 - Oberhausener SV 1"]
[Site "NRW-Klasse, Gruppe 2 2012/201"]
[Date "2012.10.21"]
[Round "2.1"]
[White "Becker, Marcel"]
[Black "Seel, Christian"]
[Result "1/2-1/2"]
[WhiteElo "2354"]
[BlackElo "2444"]
[PlyCount "22"]
[EventDate "2012.??.??"]
[WhiteTeam "Oberhausener SV 1"]
[BlackTeam "SG Niederkassel. 1"]

1. d4 g6 2. c4 Bg7 3. Nc3 d6 4. Nf3 e6 5. e4 Ne7 6. Be2 Nd7 7. Qc2 b6 8. Be3
Bb7 9. b4 h6 10. d5 exd5 11. cxd5 a6 1/2-1/2

[Event "SG Niederkassel. 1 - Oberhausener SV 1"]
[Site "NRW-Klasse, Gruppe 2 2012/201"]
[Date "2012.10.21"]
[Round "2.2"]
[White "Stanetzek, Carsten"]
[Black "Kaufeld, Juergen"]
[Result "1-0"]
[WhiteElo "2196"]
[BlackElo "2258"]
[PlyCount "135"]
[EventDate "2012.??.??"]
[WhiteTeam "SG Niederkassel. 1"]
[BlackTeam "Oberhausener SV 1"]

1. e4 c5 2. Nf3 d6 3. Nc3 Nf6 4. Bc4 Nc6 5. d3 Bg4 6. h3 Bh5 7. g4 Bg6 8. Bf4
e6 9. e5 dxe5 10. Nxe5 Nxe5 11. Bxe5 a6 12. Qf3 Bd6 13. Bxd6 Qxd6 14. Qxb7 Qe5+
15. Kf1 O-O 16. Qf3 h5 17. Re1 Qg5 18. Rg1 hxg4 19. hxg4 Rab8 20. Qe3 Qxe3 21.
fxe3 Rxb2 22. Bb3 c4 23. Na4 Rxb3 24. axb3 cxd3 25. g5 d2 26. gxf6 dxe1=Q+ 27.
Kxe1 gxf6 28. c4 a5 29. Ke2 Rb8 30. Nc5 Rc8 31. Nd7 Kg7 32. Ra1 Rc7 33. Nb6 Rc6
34. Nd7 Rc7 35. Nb6 Rc6 36. Nd7 Bh5+ 37. Kf2 Rc7 38. Rxa5 Bd1 39. Nc5 Bxb3 40.
Nxb3 Rxc4 41. Nd4 f5 42. Ne2 Kf6 43. Ra6 Kg5 44. Ra5 Kf6 45. Kf3 Rb4 46. Nf4
Rb1 47. Nd3 Rf1+ 48. Kg3 Rg1+ 49. Kf2 Rb1 50. Ne5 Rb4 51. Kf3 Rh4 52. Nd7+ Kg5
53. Ra8 Rh3+ 54. Kf2 f4 55. Ra5+ f5 56. e4 f3 57. e5 f4 58. Ra1 Kg4 59. Nf6+
Kf5 60. Re1 Rg3 61. Ne4 Rh3 62. Nd6+ Kg4 63. Rg1+ Kh4 64. Rg6 Kh5 65. Rxe6 Kg5
66. Re8 Rh7 67. Rg8+ Kh4 68. Kxf3 1-0

[Event "SG Niederkassel. 1 - Oberhausener SV 1"]
[Site "NRW-Klasse, Gruppe 2 2012/201"]
[Date "2012.10.21"]
[Round "2.3"]
[White "Litwak, Aleksej"]
[Black "Riedel, Holger"]
[Result "1-0"]
[WhiteElo "2186"]
[BlackElo "2154"]
[PlyCount "59"]
[EventDate "2012.??.??"]
[WhiteTeam "Oberhausener SV 1"]
[BlackTeam "SG Niederkassel. 1"]

1. e4 e6 2. d4 d5 3. Nd2 Be7 4. Bd3 c5 5. dxc5 Nc6 6. Ngf3 Nf6 7. O-O O-O 8. a3
a5 9. b3 Bxc5 10. Bb2 d4 11. e5 Ng4 12. Qe2 f5 13. exf6 Nxf6 14. Ne4 Bb6 15.
Neg5 Qd6 16. Rfe1 Bd7 17. Ne5 Rae8 18. Nxd7 Qxd7 19. Bc4 Qd6 20. Qxe6+ Rxe6 21.
Rxe6 Qxe6 22. Nxe6 Rc8 23. Nxd4+ Kh8 24. Nxc6 bxc6 25. Rd1 Re8 26. h3 h5 27.
Kf1 Ne4 28. Rd7 Nf6 29. Rd6 Kh7 30. Rxc6 1-0

[Event "SG Niederkassel. 1 - Oberhausener SV 1"]
[Site "NRW-Klasse, Gruppe 2 2012/201"]
[Date "2012.10.21"]
[Round "2.4"]
[White "Mende, Andreas"]
[Black "Nissen, Claus"]
[Result "1/2-1/2"]
[WhiteElo "2133"]
[BlackElo "2144"]
[PlyCount "57"]
[EventDate "2012.??.??"]
[WhiteTeam "SG Niederkassel. 1"]
[BlackTeam "Oberhausener SV 1"]

1. e4 e6 2. d4 d5 3. Nc3 Bb4 4. e5 c5 5. a3 Bxc3+ 6. bxc3 Qc7 7. Qg4 Ne7 8.
Qxg7 Rg8 9. Qxh7 cxd4 10. Ne2 dxc3 11. f4 Nbc6 12. Qd3 d4 13. Nxd4 Nxd4 14.
Qxd4 Nf5 15. Bb5+ Bd7 16. Qxd7+ Qxd7 17. Bxd7+ Kxd7 18. O-O Rac8 19. Rb1 b6 20.
Rb4 Rc5 21. Rd1+ Rd5 22. Rxd5+ exd5 23. Kf2 Kc6 24. a4 Kc5 25. Ba3 Nd4 26. Rb3+
Kc4 27. Rb4+ Kc5 28. Rb3+ Kc4 29. Rb4+ 1/2-1/2

[Event "SG Niederkassel. 1 - Oberhausener SV 1"]
[Site "NRW-Klasse, Gruppe 2 2012/201"]
[Date "2012.10.21"]
[Round "2.5"]
[White "Ciornei, Dragos"]
[Black "Schracke, Guido"]
[Result "1/2-1/2"]
[WhiteElo "2120"]
[BlackElo "2079"]
[PlyCount "96"]
[EventDate "2012.??.??"]
[WhiteTeam "Oberhausener SV 1"]
[BlackTeam "SG Niederkassel. 1"]

1. e4 c5 2. Nf3 Nc6 3. d4 cxd4 4. Nxd4 e5 5. Nb5 a6 6. Nd6+ Bxd6 7. Qxd6 Qf6 8.
Qd1 Qg6 9. Nc3 Nge7 10. h4 h5 11. Bg5 d5 12. exd5 Nb4 13. Bd3 Nxd3+ 14. Qxd3
Bf5 15. Qc4 Rc8 16. Qb4 f6 17. Be3 Qxg2 18. O-O-O Nxd5 19. Qb3 Nxc3 20. bxc3
Qc6 21. Bb6 Be6 22. Qb4 Kf7 23. Kb2 Qf3 24. Rhg1 g6 25. Rd6 Rhe8 26. Rgd1 g5
27. hxg5 fxg5 28. Bd8 Rc4 29. Qa5 b5 30. R1d3 Qf4 31. Qxa6 Ra4 32. Qb7+ Kg6 33.
Rxe6+ Rxe6 34. Rf3 Ra7 35. Qxa7 Qxf3 36. Qd7 Qc6 37. Qd2 Qg2 38. Qd3+ Kh6 39.
Qf5 Rg6 40. Qf8+ Kh7 41. Qf7+ Kh6 42. Be7 h4 43. Bf8+ Kh5 44. Qh7+ Kg4 45. Qxg6
h3 46. Qe6+ Kh5 47. Qf7+ Kg4 48. Qe6+ Kh5 1/2-1/2

[Event "SG Niederkassel. 1 - Oberhausener SV 1"]
[Site "NRW-Klasse, Gruppe 2 2012/201"]
[Date "2012.10.21"]
[Round "2.6"]
[White "Rybarczyk, Klaus"]
[Black "Joergens, Markus"]
[Result "1-0"]
[WhiteElo "2101"]
[BlackElo "2095"]
[PlyCount "45"]
[EventDate "2012.??.??"]
[WhiteTeam "SG Niederkassel. 1"]
[BlackTeam "Oberhausener SV 1"]

1. Nf3 d5 2. c4 e6 3. g3 g6 4. Bg2 Bg7 5. O-O Ne7 6. d4 Nbc6 7. Nc3 O-O 8. cxd5
exd5 9. h3 h6 10. b3 Nf5 11. e3 Be6 12. Ba3 Re8 13. Rc1 a5 14. Na4 Nb4 15. Qd2
Qd6 16. Nc5 Bc8 17. Nd3 Bf8 18. Nfe5 Kh7 19. Nxf7 Qf6 20. Rxc7 Na6 21. Ng5+ Kg8
22. Bxd5+ Be6 23. Nxe6 1-0

[Event "SG Niederkassel. 1 - Oberhausener SV 1"]
[Site "NRW-Klasse, Gruppe 2 2012/201"]
[Date "2012.10.21"]
[Round "2.7"]
[White "Voge, Andreas"]
[Black "Wilke, Christopher"]
[Result "1-0"]
[WhiteElo "2056"]
[BlackElo "2003"]
[PlyCount "55"]
[EventDate "2012.??.??"]
[WhiteTeam "Oberhausener SV 1"]
[BlackTeam "SG Niederkassel. 1"]

1. e4 c6 2. d4 d5 3. Nc3 dxe4 4. Nxe4 Bf5 5. Ng3 Bg6 6. Bc4 e6 7. N1e2 Nf6 8.
Nf4 Nd5 9. Nxg6 hxg6 10. Ne4 Nd7 11. Qe2 N7f6 12. Nxf6+ gxf6 13. Bd2 Qb6 14.
O-O-O Qxd4 15. Kb1 Qb6 16. Bxd5 cxd5 17. Bc3 Be7 18. Qf3 Rh4 19. Bxf6 Rc4 20.
Rhe1 Rac8 21. Bxe7 Kxe7 22. Rxd5 Rxc2 23. Rd7+ Kxd7 24. Qxf7+ Kc6 25. Rxe6+ Kb5
26. Rxb6+ Kxb6 27. Qb3+ Ka6 28. Qxc2 1-0

[Event "SG Niederkassel. 1 - Oberhausener SV 1"]
[Site "NRW-Klasse, Gruppe 2 2012/201"]
[Date "2012.10.21"]
[Round "2.8"]
[White "Guelsen, Taylan"]
[Black "Limberg, Matthias"]
[Result "1/2-1/2"]
[WhiteElo "1975"]
[BlackElo "2020"]
[PlyCount "120"]
[EventDate "2012.??.??"]
[WhiteTeam "SG Niederkassel. 1"]
[BlackTeam "Oberhausener SV 1"]

1. e4 d5 2. exd5 Qxd5 3. Nc3 Qa5 4. d4 c6 5. Bc4 Bf5 6. Nf3 Nf6 7. O-O e6 8.
Re1 Bb4 9. Bd2 O-O 10. a3 Bxc3 11. Bxc3 Qc7 12. Ne5 Nbd7 13. Bb4 Rfe8 14. Qe2
a5 15. Nxd7 Qxd7 16. Bc5 Qc7 17. a4 b6 18. Ba3 Nd5 19. c3 Red8 20. h4 h6 21. g3
Rd7 22. Rac1 Rad8 23. b4 axb4 24. cxb4 Qa7 25. b5 cxb5 26. Bxb5 Rc7 27. Rxc7
Nxc7 28. Bc6 Qa5 29. Bb2 Nd5 30. Ra1 Qb4 31. Bb5 Rc8 32. Rc1 Rxc1+ 33. Bxc1
Qxd4 34. Bb2 Qc5 35. Qe5 f6 36. Qe1 Kf7 37. Qd1 Be4 38. Qh5+ Bg6 39. Be8+ Kxe8
40. Qxg6+ Kf8 41. Qd3 Kf7 42. h5 Qb4 43. Qg6+ Kf8 44. Qc2 Ke7 45. Bc1 Qc3 46.
Qd1 Qa1 47. Qc2 Kd7 48. Kg2 Qc3 49. Qd1 Kc7 50. Bd2 Qc6 51. Kg1 Kb8 52. a5 b5
53. Qg4 Qd7 54. Qd4 e5 55. Qc5 Kb7 56. Be1 Ka6 57. Qf8 Kb7 58. Qc5 Ka6 59. Qf8
Kb7 60. Qc5 Ka6 1/2-1/2

[Event "Gütersloher SV 1 - SK Münster 1"]
[Site "NRW-Klasse, Gruppe 2 2012/201"]
[Date "2012.10.21"]
[Round "2.1"]
[White "Molinaroli, Martin"]
[Black "Ebert, Manuel"]
[Result "1-0"]
[WhiteElo "2276"]
[BlackElo "2108"]
[PlyCount "49"]
[EventDate "2012.??.??"]
[WhiteTeam "SK Münster 1"]
[BlackTeam "Gütersloher SV 1"]

1. b3 c5 2. Bb2 e6 3. e3 Nf6 4. Nf3 b6 5. d4 Bb7 6. Bd3 cxd4 7. exd4 Be7 8. O-O
O-O 9. c4 d5 10. Nbd2 Nc6 11. Rc1 Rc8 12. Re1 Qd6 13. a3 Rfd8 14. c5 Qb8 15. b4
a6 16. Qe2 b5 17. Ne5 Rf8 18. Ndf3 Qc7 19. Nxc6 Bxc6 20. Ne5 Nd7 21. Nxc6 Qxc6
22. a4 Rb8 23. axb5 axb5 24. Ra1 Bd8 25. Ra7 1-0

[Event "Gütersloher SV 1 - SK Münster 1"]
[Site "NRW-Klasse, Gruppe 2 2012/201"]
[Date "2012.10.21"]
[Round "2.2"]
[White "Peter, Sebastian"]
[Black "Wolter, Kai"]
[Result "0-1"]
[WhiteElo "2031"]
[BlackElo "2223"]
[Annotator "Doe,John"]
[PlyCount "94"]
[EventDate "2012.??.??"]
[WhiteTeam "Gütersloher SV 1"]
[BlackTeam "SK Münster 1"]

1. e4 c5 2. Nf3 e6 3. d4 cxd4 4. Nxd4 Nc6 5. Nb5 d6 6. c4 Nf6 7. N1c3 a6 8. Na3
Be7 9. Be2 O-O 10. O-O b6 11. Nc2 Bb7 12. f4 b5 13. cxb5 axb5 14. b4 d5 15. e5
Ne4 16. Nxe4 dxe4 17. a3 Qc7 18. Be3 Rfd8 19. Qc1 Na7 20. Nd4 Qd7 21. Qb2 Bd5
22. Rac1 Rdc8 23. Rxc8+ Rxc8 24. Rc1 Rb8 25. Qc2 Bd8 $11 26. Nb3 g6 27. Nc5 Qc6
28. Qd2 Rc8 29. Nb3 Qa8 30. Rxc8 Nxc8 31. Na5 Na7 32. Qd4 Nc6 33. Nxc6 Bxc6 34.
Qd6 h5 35. Bc5 Kh7 36. Qf8 Qxa3 37. Qxf7+ Kh8 38. Bf8 Bb6+ 39. Bc5 Bxc5+ 40.
bxc5 Qxc5+ 41. Kf1 Qc1+ 42. Kf2 e3+ 43. Kg3 Qe1+ 44. Kh3 Bxg2+ 45. Kxg2 Qxe2+
46. Kh3 Qf3+ 47. Kh4 Qg4# 0-1

[Event "Gütersloher SV 1 - SK Münster 1"]
[Site "NRW-Klasse, Gruppe 2 2012/201"]
[Date "2012.10.21"]
[Round "2.3"]
[White "Bolwerk, Peter"]
[Black "Scharnowski, Tobias"]
[Result "1-0"]
[WhiteElo "2209"]
[BlackElo "2011"]
[PlyCount "73"]
[EventDate "2012.??.??"]
[WhiteTeam "SK Münster 1"]
[BlackTeam "Gütersloher SV 1"]

1. e4 c5 2. Nf3 d6 3. d4 cxd4 4. Nxd4 Nf6 5. Nc3 a6 6. Be3 e6 7. f3 b5 8. g4
Bb7 9. Qd2 Nfd7 10. O-O-O Nb6 11. Bd3 N8d7 12. Qf2 Rc8 13. Nce2 Qc7 14. Kb1 Be7
15. g5 Nc4 16. Bxc4 Qxc4 17. Rd2 Ne5 18. Qg3 Qc7 19. b3 O-O 20. h4 Nd7 21. g6
hxg6 22. h5 g5 23. Bxg5 Bxg5 24. Qxg5 Qc5 25. Qg3 Qe5 26. Nf4 Qf6 27. h6 g6 28.
h7+ Kh8 29. Ndxe6 Rfe8 30. Ng5 Ne5 31. Rhd1 Red8 32. Nd3 Nc6 33. e5 dxe5 34.
Nxe5 Rf8 35. Nd7 Qf5 36. Nxf8 Nb4 37. Nxf7+ 1-0

[Event "Gütersloher SV 1 - SK Münster 1"]
[Site "NRW-Klasse, Gruppe 2 2012/201"]
[Date "2012.10.21"]
[Round "2.4"]
[White "Plaßmann, Dominik"]
[Black "Korth, Daniel"]
[Result "0-1"]
[WhiteElo "2063"]
[BlackElo "2158"]
[Annotator "Doe,John"]
[PlyCount "144"]
[EventDate "2012.??.??"]
[WhiteTeam "Gütersloher SV 1"]
[BlackTeam "SK Münster 1"]

1. e4 e5 2. Nc3 Nf6 3. f4 d5 4. fxe5 Nxe4 5. Qf3 Nxc3 6. bxc3 Be7 7. d4 c5 8.
Qf4 Nc6 9. Nf3 O-O 10. Bd3 cxd4 11. cxd4 Nb4 12. Qd2 Nxd3+ 13. Qxd3 Bg4 14. O-O
Rc8 15. Rb1 b6 16. Ba3 Bxa3 17. Qxa3 Qd7 18. c3 Rc4 19. Rbe1 Be6 20. Ng5 Rcc8
21. Re3 h6 22. Nxe6 fxe6 23. Ref3 Rxf3 24. Rxf3 Re8 25. Qb4 $11 Qe7 26. Qxe7
Rxe7 27. Kf2 Rc7 28. Ke2 Rc4 29. Kd1 b5 30. Rd3 Kf7 31. g4 Kg6 32. h4 Ra4 33.
Rd2 Ra3 34. Rc2 h5 35. g5 Kf5 36. Rf2+ Ke4 37. Rf7 Rxc3 38. Rxg7 Rh3 39. Rg6
Rxh4 40. Rxe6 Kxd4 41. Re7 Rg4 42. Rxa7 $11 Rxg5 43. e6 Re5 44. Rh7 Rxe6 45.
Rxh5 Ra6 46. Rh2 Ra3 47. Kc1 Re3 48. Kc2 Kc4 49. Kd2 Ra3 50. Kc1 d4 51. Rg2 b4
52. Rh2 Rg3 53. Kc2 Rg4 54. Kd2 d3 55. Rf2 Re4 56. Rf8 Re2+ 57. Kc1 Rxa2 58.
Rc8+ Kb3 59. Rd8 Ra1+ 60. Kd2 Kb2 61. Rxd3 Rh1 62. Rd8 b3 63. Ra8 Rh7 64. Ra6
Rd7+ 65. Ke1 Kb1 66. Ra8 b2 67. Rc8 Rd5 68. Rc7 Ka2 69. Ra7+ Kb3 70. Rb7+ Kc3
71. Rb8 Rd4 72. Rc8+ Kb3 0-1

[Event "Gütersloher SV 1 - SK Münster 1"]
[Site "NRW-Klasse, Gruppe 2 2012/201"]
[Date "2012.10.21"]
[Round "2.5"]
[White "Rott, Georg"]
[Black "Hanhoerster, Stephan"]
[Result "0-1"]
[WhiteElo "2093"]
[BlackElo "2104"]
[PlyCount "136"]
[EventDate "2012.??.??"]
[WhiteTeam "SK Münster 1"]
[BlackTeam "Gütersloher SV 1"]

1. e4 c5 2. c3 d6 3. d4 Nf6 4. dxc5 Nc6 5. f3 d5 6. exd5 Nxd5 7. c4 Qa5+ 8. Bd2
Ndb4 9. a3 Bf5 10. Bc3 Qa6 11. Kf2 e5 12. g4 Bxc5+ 13. Kg3 Nc2 14. Nd2 N6d4 15.
b4 Qh6 16. Nh3 Ne3 17. Qc1 Be7 18. Kf2 Bh4+ 19. Kg1 Nxf1 20. Kxf1 Bd3+ 21. Kg2
Qe3 22. Bxd4 exd4 23. Ne4 O-O 24. Nef2 Be2 25. Qxe3 dxe3 26. Ne4 f5 27. gxf5
Rxf5 28. f4 Bxc4 29. Kf3 Bd5 30. Rhd1 Re8 31. Kg4 e2 32. Nd6 exd1=Q+ 33. Rxd1
Be6 34. Nxf5 Bf6 35. Ng5 h5+ 36. Kxh5 Bxf5 37. Rc1 Re2 38. Kh4 Rxh2+ 39. Kg3
Rc2 40. Re1 Rc3+ 41. Kf2 Bxg5 42. fxg5 Kf7 43. Re5 Be6 44. Ra5 a6 45. a4 Rc4
46. b5 Bc8 47. bxa6 bxa6 48. Ke3 Bd7 49. Rxa6 Rxa4 50. Rd6 Be6 51. Rc6 Ra5 52.
Rc7+ Kg6 53. Rc6 Kf5 54. g6 Re5+ 55. Kf2 Kxg6 56. Rb6 Kf5 57. Rb8 g5 58. Rf8+
Kg4 59. Rb8 Rf5+ 60. Kg1 Bd5 61. Rd8 Kg3 62. Rc8 Bf3 63. Rc2 Ra5 64. Rg2+ Kf4
65. Rb2 Bd5 66. Rf2+ Bf3 67. Rb2 g4 68. Rb1 Rh5 0-1